川口市(埼玉県)の駅 - Statistics

General Stats
  • This quiz has been taken 22 times
  • The average score is 7 of 8
Answer Stats
Answer % Correct
西川口
100%
川口
100%
鳩ヶ谷
100%
東川口
95%
川口元郷
95%
南鳩ヶ谷
79%
新井宿
74%
戸塚安行
74%
No matching quizzes found
Score Distribution
Percent of People with Each Score
Percentile by Number Answered
Your Score History
You have not taken this quiz